Statistics for County Seats of Washington

Click here to take the quiz!

General Stats

  • This quiz has been taken 727 times
  • The average score is 23 of 39

Answer Stats

CountyCounty Seat% Correct
KingSeattle
83%
FranklinPasco
82%
SpokaneSpokane
81%
YakimaYakima
79%
PierceTacoma
76%
Walla WallaWalla Walla
76%
ThurstonOlympia
75%
ClarkVancouver
75%
WhatcomBellingham
74%
SnohomishEverett
73%
ClallamPort Angeles
68%
ChelanWenatchee
64%
KittitasEllensburg
63%
San JuanFriday Harbor
63%
OkanoganOkanogan
62%
AsotinAsotin
61%
SkagitMount Vernon
61%
JeffersonPort Townsend
58%
LewisChehalis
57%
CowlitzKelso
57%
KitsapPort Orchard
54%
IslandCoupeville
52%
FerryRepublic
51%
MasonShelton
51%
AdamsRitzville
50%
WahkiakumCathlamet
49%
WhitmanColfax
49%
StevensColville
49%
KlickitatGoldendale
49%
Pend OreilleNewport
49%
BentonProsser
49%
DouglasWaterville
48%
ColumbiaDayton
47%
GrantEphrata
47%
SkamaniaStevenson
47%
LincolnDavenport
46%
Grays HarborMontesano
46%
PacificSouth Bend
46%
GarfieldPomeroy
44%

Score Distribution

Percentile by Number Answered

Percent of People with Each Score

Your Score History

You have not taken this quiz